000 01509cam a2200337 i 4500
999 _c65676
_d65676
001 768714001
003 CO-MdFUSB
005 20201021110114.0
007 ta
008 791113t19901951enkacf b 001 0 eng d
020 _a0140202285
_qpaperback
040 _aVVT
_beng
_cCO-MdFUSB
_dPIT
_dCO-MdFUSB
_dMUQ
_dLML
_erda
041 _aeng
082 _223
_a294.3
_bH927
100 1 _aHumphreys, Christmas,
_d1901-1983.
_eautor
245 1 0 _aBuddhism /
_cChristmas Humphreys.
250 _aTercera edición
264 3 _aInglaterra
_bPenguin Books,
_c[1990]
264 4 _c©1990
300 _a256 páginas :
_bilustraciones, retratos ;
_c18 cm.
336 _atexto
_btxt
_2rdacontent.
337 _asin mediación
_bn
_2rdamedia.
338 _avolumen
_bnc
_2rdacarrier.
490 _aPelican Original
504 _aIncluye referencias bibliográficas [247-252)
505 _aLa vida del Buda. -- El ministerio - El surgimiento de las dos escuelas -La difusión del budismo - Budismo Theravada I: Los tres signos del ser -Budismo Theravada II: Las cuatro nobles verdades -Budismo Theravada III: Karma y renacimiento -Budismo Theravada IV: El noble camino óctuple - Budismo Theravada V: Los cuatro caminos y la meta - La Sangha - Algunos principios Mahayana - El ideal del Bodhisattva y las escuelas de tierra pura - escuelas del Mahayana - Budismo zen - Budismo tibetano -Los frutos del budismo - Budismo hoy.
653 _aBudismo
942 _cBK
945 _aJTF-925